Oscar Winning Actors-Sudden Death - Statistics

General Stats
  • This quiz has been taken 129 times
  • The average score is 12 of 20
Answers on the Grid
Answers color-coded by a green-red scale on the quiz's grid according to % correct below.
Anthony Hopkins
Ralph Fiennes
Eddie Redmayne
Adrien Brody
Tom Hanks
Edward Norton
Jeff Bridges
Bradley Cooper
Mark Ruffalo
Colin Farrell
Antonio Banderas
Willem Dafoe
Robert De Niro
Rami Malek
Johnny Depp
Sam Elliot
Colin Firth
Andrew Garfield
Matthew McConaughey
Leonardo DiCaprio
Gary Oldman
Tom Cruise
Cillian Murphy
Jake Gyllenhaal
Daniel Day-Lewis
Michael Fassbender
Will Smith
Sylvester Stallone
Tom Holland
Joaquin Phoenix
Jamie Foxx
Richard Dreyfuss
Dustin Hoffman
Woody Harrelson
Jeremy Irons
Chris Evans
Alec Baldwin
Jesse Eisenberg
Russell Crowe
Timothee Chalamet
 
Answer Stats
Answer % Correct
Tom Hanks
87%
Anthony Hopkins
77%
Adrien Brody
75%
Daniel Day-Lewis
65%
Robert De Niro
65%
Leonardo DiCaprio
63%
Eddie Redmayne
60%
Rami Malek
60%
Jeff Bridges
58%
Matthew McConaughey
56%
Colin Firth
54%
Gary Oldman
54%
Joaquin Phoenix
54%
Russell Crowe
54%
Cillian Murphy
52%
Jamie Foxx
52%
Will Smith
52%
Dustin Hoffman
50%
Jeremy Irons
40%
Richard Dreyfuss
37%
No matching quizzes found
Score Distribution
Percent of People with Each Score
Percentile by Number Answered
Your Score History
You have not taken this quiz